Hegel, lexicon
محفوظ في:
| المؤلف الرئيسي: | |
|---|---|
| التنسيق: | كتاب |
| اللغة: | الألمانية |
| منشور في: |
Stuttgart
Frommanns Verlag
1957
|
| الطبعة: | 2a. ed |
| سلاسل: | Gämtliche Wert, 25-26
|
| الموضوعات: | |
| الوسوم: |
إضافة وسم
لا توجد وسوم, كن أول من يضع وسما على هذه التسجيلة!
|
MARC
| LEADER | 00000cam a2200000 a 4500 | ||
|---|---|---|---|
| 001 | UCD4874 | ||
| 003 | CL-VaPUC | ||
| 005 | 20230421074441.0 | ||
| 008 | 160722e19570000gw |||||||||||||||||ger|d | ||
| 999 | |c 365666 |d 365664 | ||
| 040 | |c Pontificia Universidad Católica de Valparaíso | ||
| 082 | 0 | 4 | |a 193 |b BLO |2 21 |
| 100 | 0 | |a Blockner, Hermann |e author |9 588561 | |
| 245 | 1 | 0 | |a Hegel, lexicon |
| 250 | |a 2a. ed | ||
| 260 | |a Stuttgart |b Frommanns Verlag |c 1957 | ||
| 300 | |a v | ||
| 490 | 0 | |a Gämtliche Wert, 25-26 | |
| 500 | |a v.2: Leibniz-Z | ||
| 583 | |a last modification |c 20160722 23:21:00 |k Rodrigo Vera | ||
| 600 | 0 | |a Hegel, Georg Wilhelm Friedrich |d 1770-1831 |9 860268 | |
| 650 | 0 | |a Lexicología |9 323170 | |
| 650 | 0 | |a Filosofía alemana |9 265002 | |
| 942 | |c BK |2 ddc | ||
| 945 | |d 20160722 23:21:00 |a arojas | ||
| 952 | |0 0 |1 0 |3 erd |4 0 |6 193_000000000000000_BLO_1957 |7 0 |8 A |9 479580 |a FDOHBE |b FDOHBE |e Huesbe Llanos, Marco Antonio, 1934- |h v.2 |i 5310938 |o 193 BLO 1957 |p 5310938 |r 2024-01-30 |w 2019-11-24 |y BK |z Catalogado en:20160722 |k HBE | ||